Transforming anthropology a publication of the Association of Black Anthropologists.

Detalles Bibliográficos
Autor Corporativo: Association of Black Anthropologists
Formato: Electrónico Revista
Lenguaje:inglés
Publicado: Washington, D.C. : American Anthropological Association
Materias:
Acceso en línea:Full text available from Research Library: 01/01/2000 to 04/30/2010

MARC

LEADER 00000nas a2200000 a 4500
001 ssj0012720
003 WaSeSS
005 20200512172242.0
006 m d
007 cr n
008 011204c19909999cau x pss 0 a0eng c
010 |a  2004212137 
015 |a GBB350868  |2 bnb 
016 7 |a 014632637  |2 Uk 
022 |a 1548-7466  |l 1051-0559  |y 1051-0559 
035 |a (WaSeSS)ssj0012720 
037 |b University of California Press, Journals Division, 2000 Center Street, Suite 303, Berkeley, CA 94704-1223 
040 |a HNK  |b eng  |c HNK  |d NSD  |d OCLCQ  |d MYG  |d UMC  |d GBT  |d MYG  |d OCLCQ  |d UKMGB  |d OCLCQ  |d CUS  |d VT2  |d OCLCF  |d OCLCO  |d OCLCQ  |d NLE  |d OCLCQ  |d EZC  |d NTG  |d OCLCQ  |d NJT  |d SFB  |d WaSeSS 
042 |a nsdp  |a pcc 
050 1 4 |a GN1  |b .T67 
082 1 0 |a 301  |2 13 
130 0 |a Transforming anthropology (Online) 
222 0 |a Transforming anthropology  |b (Online) 
245 1 0 |a Transforming anthropology  |h [electronic resource] :  |b a publication of the Association of Black Anthropologists. 
260 |a Washington, D.C. :  |b American Anthropological Association 
310 |a Semiannual,  |b <Apr. 2007-> 
321 |a Irregular,  |b 1990- 
362 1 |a Began in 1990 with v. 1, no. 1. 
500 |a Published: Arlington, VA, <1992>-2003; Berkeley, Calif. : University of California Press, 2004- 
506 |a License restrictions may limit access. 
588 |a Description based on print version catalog record. 
588 |a Latest issue consulted: Vol. 16, no. 2 (Oct. 2008) (AnthroSource, viewed Mar. 4, 2009). 
650 0 |a Anthropology  |v Periodicals. 
650 0 |a African American anthropologists  |v Periodicals. 
650 7 |a African American anthropologists.  |2 fast  |0 (OCoLC)fst00799008 
650 7 |a Anthropology.  |2 fast  |0 (OCoLC)fst00810196 
655 0 |a Electronic journals. 
710 2 |a Association of Black Anthropologists. 
776 0 8 |i Print version:  |t Transforming anthropology  |x 1051-0559  |w (DLC) 90641035  |w (OCoLC)21864128 
856 4 0 |z Full text available from Research Library: 01/01/2000 to 04/30/2010  |u https://search.proquest.com/publication/27296